000 00703nam a22001935i 4500
001 159541
003 ES-MaACL
005 20250513063024.0
008 010312s1783 fr |||| | ita d
040 _aAN
_bspa
_cAN
100 1 _aMetastasio, Pietro,
_d1698-1782
_980719
245 1 0 _aOpere del signor Abate Pietro Metastasio
_b: con dissertazioni, e osservazioni.
_ntomo sesto.
260 _aIn Nizza :
_bpresso la Società Tipografica,
_c1783.
300 _aXLVI, [2], 310 p. ;
_c12º.
500 _aÍndice: p. 310.
597 _aSign.: a-b12, A-N12.
852 _aES-MaACL
_jR-2192-206
_z-- Enc. pasta española, con hierros dorados. Olim:F-2908-22.
999 _c159541
_d159541